Audit a audítorské postupy pri overovaní finančných výkazov v malých a stredných účtovných jednotkách diplomová práca

Guardado en:
Detalles Bibliográficos
Autor principal: Veselská, Tamara
Autor Corporativo: Fakulta hospodárskej informatiky EU. Katedra účtovníctva a audítorstva
Otros Autores: Kareš, Ladislav
Formato: Libro
Lenguaje:eslovaco
Publicado: Bratislava 2012
Etiquetas: Agregar Etiqueta
Sin Etiquetas, Sea el primero en etiquetar este registro!

MARC

LEADER 00000nbm a2200000 4500
001 0154790
005 20161109102144.9
041 0 |a slo 
044 |a SK 
245 1 0 |a Audit a audítorské postupy pri overovaní finančných výkazov v malých a stredných účtovných jednotkách  |b diplomová práca  |c Tamara Veselská ; školiteľ: Ladislav Kareš 
264 1 |a Bratislava  |c 2012 
300 |a 61 s. 
100 1 |a Veselská, Tamara 
700 1 |a Kareš, Ladislav 
710 2 |a Fakulta hospodárskej informatiky EU. Katedra účtovníctva a audítorstva